A look at industrial training in Mercer County, N.J., (Record no. 36993)

MARC details
000 -LEADER
fixed length control field 00729cam a22002051 4500
001 - CONTROL NUMBER
control field l 59000045
003 - CONTROL NUMBER IDENTIFIER
control field DLC
005 - DATE AND TIME OF LATEST TRANSACTION
control field 20260227111545.0
008 - FIXED-LENGTH DATA ELEMENTS--GENERAL INFORMATION
fixed length control field 850410s1959 dcua f000 0 eng c
010 ## - LIBRARY OF CONGRESS CONTROL NUMBER
LC control number l 59000045
035 ## - SYSTEM CONTROL NUMBER
System control number (OCoLC)11902275
040 ## - CATALOGING SOURCE
Original cataloging agency U.S. Dept. of Labor Libr.
Transcribing agency NjTS
Modifying agency DLC
042 ## - AUTHENTICATION CODE
Authentication code premarc
050 00 - LIBRARY OF CONGRESS CALL NUMBER
Classification number HF5549.5.T7
Item number U5
110 1# - MAIN ENTRY--CORPORATE NAME
Corporate name or jurisdiction name as entry element United States.
Subordinate unit Bureau of Apprenticeship and Training.
245 12 - TITLE STATEMENT
Title A look at industrial training in Mercer County, N.J.,
Remainder of title a study of industrial training in establishments employing four or more workers in Mercer County, N.J.
Statement of responsibility, etc. [by Robert F. Arnold.
260 ## - PUBLICATION, DISTRIBUTION, ETC.
Place of publication, distribution, etc. Washington,
Date of publication, distribution, etc. 1959]
300 ## - PHYSICAL DESCRIPTION
Extent 29 p.
Other physical details illus.
Dimensions 27 cm.
650 #0 - SUBJECT ADDED ENTRY--TOPICAL TERM
Topical term or geographic name entry element Employees
General subdivision Training of.

No items available.

Powered by Koha